| 000 | 01124naa a22003257a 4500 | ||
|---|---|---|---|
| 001 | BR7314462 | ||
| 003 | BR-BrBNA | ||
| 005 | 20240918173538.0 | ||
| 007 | ta | ||
| 008 | 230509b bl.||||| |||| 00| 0 por d | ||
| 040 |
_aBR-BrBNA _bpor _cBiblioteca Nacional de Agricultura |
||
| 041 | _a(Pt) | ||
| 072 |
_aF30 _b2110 _bG514 |
||
| 090 | _aF30 BR7314462 | ||
| 100 | 1 | _aPinto, G.C.P. | |
| 100 | 1 | _aMagalhaes, W.S. | |
| 100 | 1 | _aMarques, E.S. | |
| 100 | 1 | _aRodrigues, E.M. | |
| 111 | 1 |
_a2. Conferencia Internacional de Pesquisas em Cacau _cSalvador, BA (Brazil) _d19 Nov 1967 |
|
| 245 | 1 | _aSelecao de matrizes superiores nos cacauais da Bahia [Brasil] | |
| 260 | 3 |
_aIlheus, BA (Brasil): _c1969. |
|
| 500 | _aMemorias da 2. Conferencia Internacional de Pesquisas em Cacau Ilheus, BA (Brasil): 1969. p. 105-113 (BR7314462-AM)F30 | ||
| 650 | _aCACAU | ||
| 650 | _aBAHIA | ||
| 650 | _aSELECAO | ||
| 650 | _aMATRIZ | ||
| 773 | 0 |
_tMemorias da 2. Conferencia Internacional de Pesquisas em Cacau _wF30 BR7314462 _gIlheus, BA (Brasil), 1969. p. 105-113 |
|
| 909 |
_a202404 _bLucia _c55 _dLucia Elande |
||
| 942 |
_cAM _2AGRIS |
||
| 999 |
_c305292 _d305292 |
||